000 00593nam a2200205 i 4500
001 74834
003 ES-MaACL
005 20230906172248.0
007 t|
008 040921s1918 fr ||||1| fre d
100 1 _aGourmont, Rémy de (
_d1858-1916)
_959362
245 1 4 _aLes Idées du jour /
_cRemy de Gourmont.
260 _aParís :
_bGeorges Grés et Cie.,
_c1918.
300 _a2 v. ;
_c16 cm.
490 1 _aBellum
505 8 _aContiene: Octobre 1914-Avril 1915. -- Mai 1915-Septembre 1915
830 0 _aBellum
_9181605
852 _aES-MaACL
_jG-1877-78
999 _c74834
_d74834